| 000 | 01121cam a22003257a 4500 | ||
|---|---|---|---|
| 999 |
_c235050 _d235050 |
||
| 001 | 15875144 | ||
| 003 | Nust | ||
| 005 | 20170405125822.0 | ||
| 008 | 090820s2009 enk 000 f eng | ||
| 010 | _a 2009483187 | ||
| 015 |
_aGBA924710 _2bnb |
||
| 016 | 7 |
_a014925921 _2Uk |
|
| 020 | _a9780007336562 | ||
| 035 | _a(OCoLC)ocn315069883 | ||
| 040 |
_aUKM _cUKM _dBTCTA _dBWKUK _dBWK _dCDX _dYDXCP _dDLC |
||
| 042 | _alccopycat | ||
| 043 | _ae-uk-en | ||
| 050 | 0 | 0 |
_aPR6120.E27 _bB75 2009 |
| 082 | 0 | 4 |
_a823.92 _bTEA |
| 100 | 1 | _aTearne, Roma. | |
| 245 | 1 | 0 |
_aBrixton Beach / _cRoma Tearne. |
| 260 |
_aLondon : _bHarperPress, _c2009. |
||
| 300 |
_a409 p. ; _c25 cm. |
||
| 650 | 0 |
_aSri Lankans _zEngland _zLondon _vFiction. |
|
| 650 | 0 |
_aLondon Terrorist Bombings, London, England, 2005 _vFiction. |
|
| 651 | 0 |
_aLondon (England) _xEthnic relations _vFiction. |
|
| 906 |
_a7 _bcbc _ccopycat _d2 _encip _f20 _gy-gencatlg |
||
| 942 |
_2ddc _cBK |
||